000 00394nam a22001457a 4500
005 20150119121812.0
008 150107b xxu||||| |||| 00| 0 eng d
040 _cPK-LaUMT
082 _aKHC 301
_bSTE-P
100 _aStepanynts, M.T.
245 _aPakistan
_bphilosophy and sociology
_cM.T. Stepanyants
260 _aLahore
_bPeople's publishing house
_c1972
300 _a150 p.
942 _cBK
999 _c63582
_d63582